00628nam a2200181Ia 4500008004100000020001800041082001900059100003500078245008400113260002400197300001000221500001300231505001900244650003000263700004000293952009600333999001700429120629s9999 xx 000 0 und d a970-07-2174-4 a343.0972 P339d aPavón Vasconcelos, Francisco aDerecho penal mexicano / Francisco Pavón Vasconcelos, Gilberto Vargas López aMéxico : Porrúa a435 p aÍndice aparte especial a1. DERECHO PENAL-MEXICANO aVargas López, Gilberto; coaut.Ì 00104070a15b15d2007-03-06l0o343.0972 P339Dp15 002125r2017-12-07t1w2012-06-28yLB c75540d75540